000
00243nam a2200121Ia 4500
100
_a
#N/A
650
_a
Computer/ IT
942
_c
BK
654
_a
PHOTOSHOP
245
_a
PHOTOSHOP CS ON SCREEN TRAINING
260
_b
#N/A
546
_a
ENGLISH
999
_c
31153
_d
31153